000
00321 a2200133 4500
000
nam a22 7a 4500
100
_a
Robertson
110
_a
Robertson
245
_a
DNA: Replication, Recombination and Repair
250
_a
latest edition
260
_b
BRILLIANCE
_c
2026
264
_b
BRILLIANCE
_c
2026
942
_c
BK
999
_c
394057
_d
394057